000 00605nam a2200229Ia 4500
005 20250326144453.0
008 250326s9999 xx 000 0 und d
020 _a0-618-66064-3
037 _aTextbook
040 _aFMSL
_beng
_cFMSL
041 _aeng
_2eng
084 _aX:51:F P4;P7;3
_qFMSL
100 _aParasuraman A
_9749198
245 0 _aMarketing research
_cParasuraman A And Others
250 _a2
260 _aNY
_bNY, Hougton Mifflin
_c2007
300 _a638p
365 _b6230
650 _aManagement
942 _cTB
_hX:51:F P4;P7;3
999 _c1303821
_d1303821